[Event "MNT-chT 1st League"]
[Site "Podgorica"]
[Date "2021.05.22"]
[Round "4.6"]
[White "Koprivica, Andrija"]
[Black "Milosevic, Dragomir"]
[Result "1-0"]
[WhiteElo "1575"]
[BlackElo "1680"]
[PlyCount "57"]
[EventDate "2021.05.20"]
[EventType "team-tourn"]
[EventRounds "7"]
[EventCountry "MNE"]
[SourceTitle "EXT 2022"]
[Source "ChessBase"]
[SourceDate "2021.10.06"]
[SourceVersion "1"]
[SourceVersionDate "2021.10.06"]
[SourceQuality "1"]

1. e4 e5 2. Nf3 Nc6 3. Bc4 Bc5 4. 0-0 d6 5. h3 Be6 6. Bb3 Nf6 7. d3 h6 8. Be3 Bb6 9. Nc3 Bxb3 10. axb3 0-0 11. Qd2 Bxe3 12. fxe3 Ne7 13. Rf2 Nh5 14. Ne2 f5 15. exf5 Nd5 16. c4 Ne7 17. e4 c6 18. g4 Nf6 19. Ng3 Nh7 20. d4 Qc7 21. dxe5 dxe5 22. Qc3 Ng5 23. Nxg5 hxg5 24. Raf1 Qd6 25. Nh5 Qd4 26. Qc1 Qxe4 27. Qxg5 Rf7 28. Rd1 Kf8 29. Ng3 1-0

[Event "MNT-chT 1st League"]
[Site "Podgorica"]
[Date "2018.09.28"]
[Round "4.2"]
[White "Milosevic, Dragomir"]
[Black "Tosic, Danilo"]
[Result "0-1"]
[WhiteElo "1674"]
[BlackElo "1901"]
[PlyCount "70"]
[EventDate "2018.09.07"]
[EventType "team-tourn"]
[EventRounds "9"]
[EventCountry "MNE"]
[SourceTitle "CBM 187 Extra"]
[Source "ChessBase"]
[SourceDate "2018.11.04"]
[SourceVersion "1"]
[SourceVersionDate "2018.11.04"]
[SourceQuality "1"]
[WhiteTeam "Zora"]
[BlackTeam "Dijagonale"]
[WhiteTeamCountry "MNE"]
[BlackTeamCountry "MNE"]

1. e4 c5 2. Nf3 d6 3. Nc3 Nf6 4. d4 cxd4 5. Nxd4 g6 6. Be3 Bg7 7. h3 0-0 8. Qd2 Nc6 9. f3 d5 10. Nxc6 bxc6 11. e5 Nd7 12. f4 e6 13. g4 c5 14. Bf2 Bb7 15. Bg2 Qb6 16. Na4 Qb5 17. Nc3 Qa6 18. Bf1 Qa5 19. Nb5 Qb6 20. a4 a6 21. a5 Qd8 22. Nd6 Bc6 23. Bg2 Qb8 24. c4 Nxe5 25. Bxc5 Qxb2 26. Rd1 Nf3+ 27. Bxf3 Bc3 28. Bd4 Bxd2+ 29. Rxd2 Qa3 30. c5 Qxf3 31. Rf1 Qg3+ 32. Bf2 Qxf4 33. Bd4 Qg3+ 34. Rff2 Rab8 35. Ke2 Rb3 0-1

[Event "MNT-ch sf"]
[Site "Podgorica"]
[Date "2018.03.18"]
[Round "7"]
[White "Djurovic, Peko"]
[Black "Milosevic, Dragomir"]
[Result "1-0"]
[WhiteElo "1808"]
[BlackElo "1698"]
[PlyCount "26"]
[EventDate "2018.03.15"]
[EventType "swiss"]
[EventRounds "9"]
[EventCountry "MNE"]
[SourceTitle "EXT 2019"]
[Source "ChessBase"]
[SourceDate "2018.10.10"]
[SourceVersion "1"]
[SourceVersionDate "2018.10.10"]
[SourceQuality "1"]

1. e4 e5 2. Nf3 Nc6 3. Bb5 Nf6 4. d4 exd4 5. 0-0 Bc5 6. Bg5 h6 7. Bh4 Be7 8. Nxd4 Nxe4 9. Bxe7 Nxe7 10. Re1 Nd6 11. Qe2 a6 12. Bd3 b5 13. Nc3 c5 1-0

[Event "MNT-chT1"]
[Site "Mojkovac"]
[Date "2016.10.07"]
[Round "7.6"]
[White "Cindrak, Hilmo"]
[Black "Milosevic, Dragomir"]
[Result "1/2-1/2"]
[WhiteElo "1846"]
[BlackElo "1686"]
[PlyCount "105"]
[EventDate "2016.09.09"]
[EventType "team-tourn"]
[EventRounds "9"]
[EventCountry "MNE"]
[SourceTitle "EXT 2017"]
[Source "ChessBase"]
[SourceDate "2016.10.25"]
[SourceVersion "1"]
[SourceVersionDate "2016.10.25"]
[SourceQuality "1"]

1. c4 e5 2. Nc3 Nf6 3. b3 Be7 4. g3 0-0 5. Bg2 d6 6. Bb2 Nc6 7. Nf3 h6 8. 0-0 Bg4 9. d3 Qd7 10. Nd2 Bh3 11. Nde4 Bxg2 12. Kxg2 Nxe4 13. Nxe4 f5 14. Nc3 Rae8 15. e3 f4 16. exf4 exf4 17. f3 fxg3 18. hxg3 Bf6 19. Qd2 Bg5 20. f4 Bf6 21. Nd5 Bxb2 22. Qxb2 Rf7 23. Rae1 Ref8 24. Qe2 Nd4 25. Qe4 c5 26. Ne7+ Rxe7 27. Qxe7 Qc6+ 28. Qe4 Qd7 29. Qd5+ Kh7 30. Re3 Rf7 31. Qe4+ Nf5 32. Ree1 Re7 33. Qf3 Rf7 34. Re2 Nd4 35. Qe4+ g6 36. Ree1 Qg4 37. Qe8 Rg7 38. Re7 Nf5 39. Rxg7+ Kxg7 40. Qe1 Nh4+ 41. Kh2 Nf3+ 42. Rxf3 Qxf3 43. Qe7+ Kg8 44. Qe4 Qxe4 45. dxe4 Kf7 46. Kh3 Kf6 47. Kh4 a6 48. a4 a5 49. g4 b6 50. Kg3 Kf7 51. g5 hxg5 52. fxg5 Ke7 53. Kg4 1/2-1/2

[Event "Podgorica Zeta CC-ch"]
[Site "Podgorica"]
[Date "2016.01.17"]
[Round "3"]
[White "Milosevic, Dragomir"]
[Black "Lakusic, Zoran"]
[Result "1-0"]
[WhiteElo "1709"]
[BlackElo "1666"]
[PlyCount "79"]
[EventDate "2016.01.15"]
[EventType "tourn"]
[EventRounds "9"]
[EventCountry "MNE"]
[SourceTitle "CBM 170 Extra"]
[Source "ChessBase"]
[SourceDate "2016.02.25"]
[SourceVersion "1"]
[SourceVersionDate "2016.02.25"]
[SourceQuality "1"]

1. e4 e5 2. Nf3 Nc6 3. Bb5 a6 4. Ba4 Nd4 5. c3 Nxf3+ 6. Qxf3 Nf6 7. 0-0 c5 8. d3 Be7 9. Qg3 0-0 10. Qxe5 Ng4 11. Qf4 d5 12. h3 Bg5 13. Qxg5 Nf6 14. e5 h6 15. Qh4 b5 16. Bc2 Nd7 17. Qg3 Kh8 18. d4 Rg8 19. f4 cxd4 20. cxd4 Nb6 21. b3 a5 22. Qd3 g6 23. Nc3 b4 24. Ne2 a4 25. Bb2 Qc7 26. Rac1 a3 27. Ba1 Ba6 28. Qd2 Qe7 29. f5 g5 30. f6 Qa7 31. Bd3 Bc8 32. Qxb4 Rb8 33. Qc5 g4 34. h4 g3 35. Nf4 Rg4 36. e6 Bxe6 37. Nxe6 Rc8 38. Qe7 Qxe7 39. fxe7 fxe6 40. Rxc8+ 1-0

[Event "MNT-ch sf"]
[Site "Podgorica"]
[Date "2014.07.28"]
[Round "7"]
[White "Alivodic, Dario"]
[Black "Milosevic, Dragomir"]
[Result "1/2-1/2"]
[WhiteElo "1515"]
[BlackElo "1735"]
[PlyCount "63"]
[EventDate "2014.07.24"]
[EventType "swiss"]
[EventRounds "7"]
[EventCountry "MNE"]
[SourceTitle "EXT 2015"]
[Source "ChessBase"]
[SourceDate "2014.11.20"]
[SourceVersion "1"]
[SourceVersionDate "2014.11.20"]
[SourceQuality "1"]

1. d4 d5 2. c4 Nf6 3. cxd5 Nxd5 4. e4 Nf6 5. Nc3 e6 6. Nf3 Be7 7. Bd3 b6 8. 0-0 Bb7 9. Be3 Nbd7 10. Rc1 0-0 11. Re1 c5 12. dxc5 Bxc5 13. e5 Bxe3 14. Rxe3 Ng4 15. Re1 Bxf3 16. gxf3 Ngxe5 17. Be4 Rc8 18. f4 Ng6 19. Bxg6 hxg6 20. Ne4 Rxc1 21. Qxc1 Nf6 22. Rd1 Qc8 23. Nxf6+ gxf6 24. Qxc8 Rxc8 25. Rd7 a5 26. Rb7 Rc6 27. Kg2 f5 28. Kf3 Kg7 29. h4 Kf6 30. Ke3 a4 31. a3 Rd6 32. f3 1/2-1/2

[Event "MNT-ch sf"]
[Site "Podgorica"]
[Date "2014.07.27"]
[Round "6"]
[White "Milosevic, Dragomir"]
[Black "Loncar, Milenko"]
[Result "0-1"]
[WhiteElo "1735"]
[BlackElo "2012"]
[PlyCount "59"]
[EventDate "2014.07.24"]
[EventType "swiss"]
[EventRounds "7"]
[EventCountry "MNE"]
[SourceTitle "CBM 161 Extra"]
[Source "ChessBase"]
[SourceDate "2014.08.29"]
[SourceVersion "1"]
[SourceVersionDate "2014.08.29"]
[SourceQuality "1"]

1. e4 d6 2. Nc3 Nf6 3. Nf3 g6 4. Bc4 Bg7 5. a3 0-0 6. 0-0 Nc6 7. h3 Bd7 8. d3 h6 9. Be3 Kh7 10. Qd2 Ng8 11. Rad1 e5 12. Nh2 f5 13. f4 exf4 14. Bxf4 g5 15. Be3 f4 16. Bf2 Ne5 17. Ba2 h5 18. d4 Ng6 19. Qe2 Kh6 20. Bxg8 Rxg8 21. Qf3 Qc8 22. Be1 Be6 23. b3 c5 24. d5 Bd7 25. Bd2 Bd4+ 26. Kh1 c4 27. Ne2 Ne5 28. Nxd4 Nxf3 29. Ndxf3 cxb3 30. cxb3 0-1

[Event "Podgorica"]
[Site "Podgorica"]
[Date "2014.01.26"]
[Round "11"]
[White "Milosevic, Dragomir"]
[Black "Lukic, Lazar"]
[Result "0-1"]
[WhiteElo "1756"]
[BlackElo "1720"]
[PlyCount "106"]
[EventDate "2014.01.18"]
[EventType "tourn"]
[EventRounds "11"]
[EventCountry "MNE"]
[SourceTitle "EXT 2015"]
[Source "ChessBase"]
[SourceDate "2014.11.20"]
[SourceVersion "1"]
[SourceVersionDate "2014.11.20"]
[SourceQuality "1"]

1. e4 e5 2. Nf3 Nc6 3. Bc4 Bc5 4. c3 Nf6 5. d3 0-0 6. a3 a6 7. b4 Ba7 8. Bg5 h6 9. Bh4 d6 10. h3 Be6 11. Nbd2 Qe7 12. 0-0 Bxc4 13. Nxc4 Qe6 14. Nh2 Nxe4 15. Rc1 g5 16. dxe4 Qxc4 17. Ng4 Kg7 18. Qf3 Qe6 19. Bg3 Ne7 20. Rcd1 b5 21. a4 f5 22. exf5 Qxf5 23. Qb7 Qc8 24. Qe4 Ng6 25. axb5 axb5 26. Rd5 Qe8 27. Qd3 Rb8 28. Ra1 Bb6 29. Kh1 Nf4 30. Bxf4 Rxf4 31. f3 h5 32. Nh2 Qc6 33. Nf1 Qc4 34. Qd2 Ra8 35. Rd1 Ra2 36. Qc1 h4 37. Nh2 Qb3 38. Ng4 Qc2 39. Qxc2 Rxc2 40. Rxb5 Rxc3 41. Rxb6 cxb6 42. Rxd6 Rxb4 43. Rd7+ Kf8 44. Kg1 Rc2 45. Rd1 Rbb2 46. Nxe5 Rxg2+ 47. Kf1 Rgf2+ 48. Kg1 Rg2+ 49. Kh1 Rh2+ 50. Kg1 Rbg2+ 51. Kf1 Rh1+ 52. Kxg2 Rxd1 53. Nc4 b5 0-1

[Event "Podgorica"]
[Site "Podgorica"]
[Date "2014.01.21"]
[Round "4"]
[White "Milosevic, Dragomir"]
[Black "Lakusic, Zoran"]
[Result "0-1"]
[WhiteElo "1756"]
[BlackElo "1674"]
[PlyCount "148"]
[EventDate "2014.01.18"]
[EventType "tourn"]
[EventRounds "11"]
[EventCountry "MNE"]
[SourceTitle "EXT 2015"]
[Source "ChessBase"]
[SourceDate "2014.11.20"]
[SourceVersion "1"]
[SourceVersionDate "2014.11.20"]
[SourceQuality "1"]

1. e4 e5 2. Nf3 Nc6 3. Bc4 Bc5 4. c3 d6 5. a4 a6 6. d3 Bg4 7. a5 Nf6 8. Qb3 Bxf3 9. Bxf7+ Kf8 10. gxf3 Rb8 11. Bg5 b6 12. Bd5 Nxa5 13. Qc2 c6 14. Be6 h6 15. Bh4 g5 16. Bg3 Qe7 17. Bf5 Qf7 18. b4 Bxb4 19. cxb4 Nb3 20. Rxa6 Nd4 21. Qd1 Nxf5 22. exf5 Nd5 23. b5 Nb4 24. Ra3 c5 25. 0-0 h5 26. h3 Qxf5 27. Kg2 Kg7 28. Qe2 h4 29. Bh2 Rhf8 30. Qe4 Qd7 31. Nc3 Nc2 32. Ra2 Nd4 33. Qg4 Qd8 34. Qh5 Rb7 35. Rfa1 Rbf7 36. Ra8 Qf6 37. Rxf8 Kxf8 38. Ra8+ Kg7 39. Qh8+ Kg6 40. Rg8+ Rg7 41. Rxg7+ Qxg7 42. Qxg7+ Kxg7 43. Nd5 Nxb5 44. Nxb6 Kf7 45. f4 gxf4 46. Kf3 Ke6 47. Kg4 Nd4 48. f3 Ne2 49. Kxh4 Nc1 50. Kg5 Nxd3 51. h4 e4 52. fxe4 f3 53. Nc4 d5 54. exd5+ Kxd5 55. Nd2 f2 56. Bg3 c4 57. Bxf2 Nxf2 58. Kf5 c3 59. Nb3 Nd3 60. h5 Kc4 61. Na1 Kd5 62. h6 Ne5 63. h7 Nf7 64. Kf6 Nh8 65. Kg7 Ke6 66. Nc2 Nf7 67. Nd4+ Ke7 68. Nf5+ Ke6 69. Nh6 c2 70. Nxf7 c1Q 71. Ng5+ Qxg5+ 72. Kh8 Qd8+ 73. Kg7 Qe7+ 74. Kh6 Qf8+ 0-1

[Event "MNT-chT1"]
[Site "Cetinje"]
[Date "2013.09.08"]
[Round "6"]
[White "Milosevic, Dragomir"]
[Black "Jakic, Vidan"]
[Result "0-1"]
[WhiteElo "1743"]
[BlackElo "2118"]
[PlyCount "41"]
[EventDate "2013.08.30"]
[EventType "team-tourn"]
[EventRounds "9"]
[EventCountry "MNE"]
[SourceTitle "CBM 156 Extra"]
[Source "ChessBase"]
[SourceDate "2013.10.22"]
[SourceVersion "1"]
[SourceVersionDate "2013.10.22"]
[SourceQuality "1"]

1. e4 c5 2. Nf3 Nc6 3. d4 cxd4 4. Nxd4 Nf6 5. Nc3 e5 6. Nf5 d5 7. exd5 Bxf5 8. dxc6 bxc6 9. a3 Qxd1+ 10. Kxd1 Rd8+ 11. Bd2 Ng4 12. Kc1 Nxf2 13. Rg1 Bc5 14. Na4 Be3 15. Bc4 Rxd2 16. Bxf7+ Kxf7 17. Kb1 Bxc2+ 18. Ka2 Bxa4 19. Rgf1 Rb8 20. Rab1 Bb3+ 21. Ka1 0-1

[Event "Podgorica"]
[Site "Podgorica"]
[Date "2013.01.23"]
[Round "6"]
[White "Milosevic, Dragomir"]
[Black "Jankovic, Slobodan"]
[Result "1-0"]
[WhiteElo "1724"]
[BlackElo "1846"]
[PlyCount "101"]
[EventDate "2013.01.18"]
[EventType "tourn"]
[EventRounds "9"]
[EventCountry "MNE"]
[SourceTitle "EXT 2014"]
[Source "ChessBase"]
[SourceDate "2013.11.20"]
[SourceVersion "1"]
[SourceVersionDate "2013.11.20"]
[SourceQuality "1"]

1. e4 c5 2. Nf3 d6 3. d4 cxd4 4. Nxd4 Nf6 5. Nc3 a6 6. Bd3 Nc6 7. Nf3 Bd7 8. 0-0 e6 9. Bf4 e5 10. Bg5 Be6 11. a3 Be7 12. Qe2 h6 13. Be3 b5 14. h3 Rc8 15. Rfd1 Qd7 16. a4 b4 17. Bxa6 bxc3 18. Bxc8 Qxc8 19. Bc1 0-0 20. bxc3 Na5 21. Qe1 Nc4 22. Nd2 Qc6 23. Nxc4 Bxc4 24. f3 d5 25. exd5 Nxd5 26. Qxe5 Bf6 27. Qg3 Bxc3 28. Rb1 Kh7 29. Bb2 Bxb2 30. Rxb2 Nc3 31. Qd6 Ne2+ 32. Kf2 Qa8 33. Rb4 Qa7+ 34. Qb6 Qxb6+ 35. Rxb6 Ra8 36. Rb4 Nc3 37. Ra1 Ba6 38. Ra3 Nd5 39. Rd4 Nf6 40. a5 Rc8 41. c3 Re8 42. c4 Rc8 43. Rd6 Ra8 44. c5 Ra7 45. Rb6 Nd7 46. c6 Ne5 47. Rc3 Nc4 48. Rxa6 Rxa6 49. Rxc4 Ra8 50. c7 Rc8 51. a6 1-0

[Event "Podgorica"]
[Site "Podgorica"]
[Date "2013.01.18"]
[Round "1"]
[White "Tomic, Aleksandar"]
[Black "Milosevic, Dragomir"]
[Result "1-0"]
[WhiteElo "1918"]
[BlackElo "1724"]
[PlyCount "59"]
[EventDate "2013.01.18"]
[EventType "tourn"]
[EventRounds "9"]
[EventCountry "MNE"]
[SourceTitle "EXT 2014"]
[Source "ChessBase"]
[SourceDate "2013.11.20"]
[SourceVersion "1"]
[SourceVersionDate "2013.11.20"]
[SourceQuality "1"]

1. Nf3 d5 2. g3 Nf6 3. Bg2 Bf5 4. 0-0 h6 5. d3 e6 6. Nbd2 Be7 7. Qe1 0-0 8. e4 dxe4 9. dxe4 Bh7 10. Qe2 c6 11. Ne5 Nbd7 12. Nd3 Qc7 13. a4 Nc5 14. Nxc5 Bxc5 15. Nc4 Rac8 16. Bf4 Qe7 17. c3 g5 18. Bd2 Qc7 19. b4 Be7 20. f4 Ne8 21. Be3 b5 22. Nd2 a6 23. axb5 cxb5 24. Bd4 Qd7 25. Nb3 Nc7 26. Qh5 e5 27. Bxe5 Qe6 28. Nd4 Qg6 29. Nf5 Qxh5 30. Nxe7# 1-0

[Event "Podgorica"]
[Site "Podgorica"]
[Date "2012.01.15"]
[Round "3"]
[White "Milosevic, Dragomir"]
[Black "Vujovic, Predrag1111"]
[Result "0-1"]
[WhiteElo "1819"]
[BlackElo "1823"]
[PlyCount "116"]
[EventDate "2012.01.14"]
[EventType "tourn"]
[EventRounds "9"]
[EventCountry "MNE"]
[SourceTitle "EXT 2014"]
[Source "ChessBase"]
[SourceDate "2013.11.20"]
[SourceVersion "1"]
[SourceVersionDate "2013.11.20"]
[SourceQuality "1"]

1. e4 c5 2. Nf3 Nc6 3. d4 cxd4 4. Nxd4 e6 5. Bc4 a6 6. 0-0 Bc5 7. c3 Nge7 8. Bg5 f6 9. Be3 Ba7 10. Qh5+ Ng6 11. Rd1 Qe7 12. f4 0-0 13. Nd2 b5 14. Bb3 Nh8 15. f5 Na5 16. Bc2 e5 17. b4 Nc6 18. Bb3+ Nf7 19. Nc2 a5 20. a3 Bb7 21. Qe2 Ba6 22. Bd5 a4 23. Qf2 Bxe3 24. Nxe3 g5 25. h4 h6 26. Ba2 Kg7 27. Nd5 Qd8 28. Nf3 d6 29. Rd3 Bb7 30. Rad1 Ne7 31. Qe3 Nxd5 32. Bxd5 Bxd5 33. Rxd5 Qd7 34. hxg5 hxg5 35. Nh2 Rac8 36. Qd3 Qa7+ 37. Kf1 Rh8 38. Ng4 Rh1+ 39. Ke2 Rxd1 40. Kxd1 Qg1+ 41. Ke2 Qxg2+ 42. Nf2 g4 43. Ke1 g3 44. Nd1 Ng5 45. Ne3 Qf2+ 46. Kd1 g2 47. Nxg2 Qxg2 48. Rxd6 Qg1+ 49. Kc2 Qg2+ 50. Kc1 Qh1+ 51. Kb2 Qg2+ 52. Kc1 Nxe4 53. Rd7+ Kh6 54. Rh7+ Kxh7 55. Qd7+ Kh6 56. Qxc8 Qd2+ 57. Kb1 Nxc3+ 58. Qxc3 Qxc3 0-1

[Event "Podgorica"]
[Site "Podgorica"]
[Date "2012.01.15"]
[Round "2"]
[White "Vukcevic, Milenko"]
[Black "Milosevic, Dragomir"]
[Result "1-0"]
[WhiteElo "1611"]
[BlackElo "1819"]
[PlyCount "105"]
[EventDate "2012.01.14"]
[EventType "tourn"]
[EventRounds "9"]
[EventCountry "MNE"]
[SourceTitle "EXT 2014"]
[Source "ChessBase"]
[SourceDate "2013.11.20"]
[SourceVersion "1"]
[SourceVersionDate "2013.11.20"]
[SourceQuality "1"]

1. d4 b6 2. Nf3 Bb7 3. Nbd2 Nf6 4. g3 e6 5. Bg2 h6 6. 0-0 Ng4 7. e4 h5 8. h3 Nh6 9. Re1 g5 10. d5 g4 11. hxg4 hxg4 12. Nh2 Qg5 13. Nc4 Qh5 14. Bxh6 Rxh6 15. Nxg4 Bg7 16. Nxh6 Qxh6 17. c3 Na6 18. d6 c5 19. a3 0-0-0 20. a4 Rh8 21. Kf1 Nb8 22. Rc1 f5 23. f3 fxe4 24. f4 Qh2 25. Re3 e5 26. Qg4 exf4 27. Qxg7 fxe3 28. Nxe3 Bc6 29. Kf2 Qh6 30. Qxh6 Rxh6 31. Nf5 Rf6 32. g4 e3+ 33. Kg3 Bxg2 34. Kxg2 Nc6 35. Kg3 Ne5 36. Re1 Nc4 37. b3 Nxd6 38. Nxd6+ Rxd6 39. Rxe3 a6 40. g5 b5 41. axb5 axb5 42. Kf4 c4 43. bxc4 bxc4 44. Re4 Rc6 45. Kf5 d5 46. Rd4 Rd6 47. g6 Rd8 48. g7 Kc7 49. Ke6 Kc6 50. Rf4 d4 51. Rxd4 Rxd4 52. cxd4 c3 53. g8Q 1-0